| Tag |
First Indicator |
Second Indicator |
Subfields |
| LEADER |
00000cam a2200000 4500 |
| 001 |
in00000033683 |
| 005 |
20151007061923.0 |
| 008 |
731217s1948 nyu 00001 eng u |
| 010 |
|
|
|a 48005587
|
| 035 |
|
|
|a (OCoLC)00761053
|
| 035 |
|
|
|9 AAD3471AM
|
| 040 |
|
|
|c HEI
|d TXA
|d UtOrBLW
|
| 049 |
|
|
|a TXAM
|c [471141]
|
| 050 |
|
0 |
|a PZ3.B69796
|b Ni
|
| 090 |
|
|
|a PS3503.O9357
|b N56 1948
|
| 092 |
|
|
|a 813
|b B792n
|
| 100 |
1 |
|
|a Boyle, Kay,
|d 1902-1992.
|
| 245 |
1 |
0 |
|a 1939 ;
|b a novel.
|
| 264 |
|
1 |
|a New York :
|b Simon and Schuster,
|c [1948]
|
| 300 |
|
|
|a 152 pages ;
|c 21 cm.
|
| 336 |
|
|
|a text
|b txt
|2 rdacontent
|
| 337 |
|
|
|a unmediated
|b n
|2 rdamedia
|
| 338 |
|
|
|a volume
|b nc
|2 rdacarrier
|
| 999 |
|
|
|a MARS
|
| 999 |
f |
f |
|s 6d22c75c-e049-3b92-9558-f4142fb497e3
|i 56acccfb-a63e-3128-864c-72dde466330f
|t 0
|
| 952 |
f |
f |
|p ric
|a Texas A&M University
|b Rellis Campus
|c Joint Library Facility
|d Remote Storage
|t 0
|e PS3503.O9357 N56 1948
|h Library of Congress classification
|i unmediated -- volume
|m A14801229727
|
| 998 |
f |
f |
|a PS3503.O9357 N56 1948
|t 0
|l Remote Storage
|